| 000 | 00000cam 2200000zi 4500 |
| 001 | 9.892313 |
| 003 | CaOODSP |
| 005 | 20260225084418 |
| 006 | m o d f |
| 007 | cr ||||||||||| |
| 008 | 201009m20212020quc o f000 0 eng d |
| 040 | |aCaOODSP|beng|erda|cCaOODSP |
| 043 | |an-cn--- |
| 086 | 1 |aP29-4-3-24-2020E-PDF |
| 245 | 00|aAviation turbine fuel (military grades F-34, F-37 and F-44). |
| 250 | |a[January 2021 edition]. |
| 264 | 1|aGatineau (Quebec) Canada : |bCanadian General Standards Board : |bStandards Council of Canada, |c2020, 2021. |
| 264 | 4|c©2020 |
| 300 | |a1 online resource (i, 18 pages). |
| 336 | |atext|btxt|2rdacontent |
| 337 | |acomputer|bc|2rdamedia |
| 338 | |aonline resource|bcr|2rdacarrier |
| 490 | 1 |aNational standard of Canada ; |vCAN/CGSB-3-24-2020 |
| 500 | |a"October 2020." |
| 500 | |a"Corrigendum No. 1, January 2021." |
| 500 | |a"Experience and excellence"--Cover. |
| 500 | |aSupersedes CGSB-3.24-2019 and May 2019 Corrigendum No. 1. |
| 500 | |aIssued also in French under title: Carburéacteur d'aviation (grades militaires F-34, F-37 et F-44). |
| 520 | |a"This standard applies to three grades of aviation turbine fuel (military grades F-34, F-37 as its equivalent, and F-44) consisting of conventional hydrocarbons, synthetic hydrocarbons, naturally occurring non-hydrocarbons and additives as specified herein"--Scope, page 1. |
| 650 | 0|aJet planes|xFuel|xStandards|zCanada. |
| 710 | 2 |aCanadian General Standards Board, |eissuing body. |
| 710 | 2 |aStandards Council of Canada, |eissuing body. |
| 775 | 08|tCarburéacteur d'aviation (grades militaires F-34, F-37 et F-44).|w(CaOODSP)9.892316 |
| 794 | |tAviation turbine fuel (military grades F-34, F-37 and F-44).|b[October 2023 edition]|w(CaOODSP)9.929645 |
| 795 | |tAviation turbine fuel (military grades F-34, F-37 and F-44) / |b[May 2019 edition]|w(CaOODSP)9.872035 |
| 830 | #0|aNational standard of Canada ;|vCAN/CGSB-3-24-2020.|w(CaOODSP)9.507848 |
| 856 | 40|qPDF|s998 KB|uhttps://publications.gc.ca/collections/collection_2021/ongc-cgsb/P29-4-3-24-2020-1-eng.pdf|zStandard with Corrigendum No. 1 (January 2021) |
| 986 | |aICS 75.160.20 |